000 00465nam a2200193Ia 4500
005 20240823053134.0
008 240823s9999||||xx |||||||||||||| ||und||
020 _a978-81-908449-9-4
041 _aENGLISH
082 _A418 Q2
100 _aMikolaj Rychlo
245 4 _aThe Educational Approach to Language Teaching
250 _a1st
260 _c2012
_b#VALUE!
500 _aYES
650 _aLanguage Teaching
_bEnglish
942 _cBK
999 _c223491
_d223491